Instan-tánea / (Registro nro. 30691)
[ vista simple ]
| 000 -LÍDER | |
|---|---|
| campo de control de longitud fija | 01091nam a22002297a 4500 |
| 005 - FECHA Y HORA DE LA ÚLTIMA | |
| campo de control | 20250421161919.0 |
| 008 - ELEMENTOS DE DATOS DE LONGITUD FIJA - INFORMACIÓN GENERAL | |
| campo de control de longitud fija | 240227b |||||||| |||| 00| 0 eng d |
| 037 ## - FUENTE DE ADQUISICIÓN | |
| Materials specified | Donación |
| 040 ## - FUENTE DE CATALOGACIÓN | |
| Agencia de catalogación original | CO-JMCR |
| Agencia de transcripción | CO-JMCR |
| Agencia modificadora | CO-JMCR |
| Convenciones de descripción | rda |
| 041 ## - CÓDIGO DE IDIOMA | |
| Código de idioma del texto/pista de sonido o título independiente | spa |
| 082 ## - NÚMERO DE CLASIFICACIÓN DECIMAL DEWEY | |
| Número de clasificación | A-N |
| Número de artículo | QUIi |
| 100 ## - ENTRADA PRINCIPAL - NOMBRE PERSONAL | |
| Nombre personal | Quinnell, A.J. |
| Término relativo | autor |
| 9 (RLIN) | 43504 |
| 245 ## - DECLARACIÓN DEL TÍTULO | |
| Título | Instan-tánea / |
| Declaración de responsabilidad, etc. | A.J. Quinnell |
| 246 ## - FORMA VARIABLE DEL TÍTULO | |
| Título propiamente dicho/título corto | Shap shot |
| 260 ## - PUBLICACIÓN, DISTRIBUCIÓN, ETC. | |
| Lugar de publicación, distribución, etc. | Bogotá: |
| Nombre del editor, distribuidor, etc. | Circulo de lectores, |
| Fecha de publicación, distribución, etc. | 1984 |
| 300 ## - DESCRIPCIÓN FÍSICA | |
| Medida | 303 páginas; |
| Dimensiones | 20 cm. |
| 520 ## - RESUMEN, ETC. | |
| Resumen, etc | Instantánea describe la electrizante acción desarrollada para rescatar a David Munger, fotógrafo de la prensa internacional, que se encontraba preso en una cárcel de seguridad de Irak. En medio del bombardeo de la planta nuclear de El Tuwaitha, hecho efectivamente sucedido, un avión se desvía para acometer la hazaña. Ruth Paget, heroína deslumbrante, desempeña un papel fundamental y dramático en la aventura. |
| 650 ## - ENTRADA AÑADIDA DE ASUNTO - TÉRMINO TEMÁTICO | |
| Fuente del encabezado o término | JMCR |
| -- | Presos carcelarios |
| Subdivisión general | Novela |
| 9 (RLIN) | 43505 |
| 650 ## - ENTRADA AÑADIDA DE ASUNTO - TÉRMINO TEMÁTICO | |
| Fuente del encabezado o término | JMCR |
| -- | Periodistas |
| Subdivisión general | Literatura |
| 9 (RLIN) | 43506 |
| 650 ## - ENTRADA AÑADIDA DE ASUNTO - TÉRMINO TEMÁTICO | |
| Fuente del encabezado o término | JMCR |
| -- | Guerras |
| Subdivisión general | Novelas |
| 9 (RLIN) | 43507 |
| 942 ## - ELEMENTOS DE ENTRADA AÑADIDOS (KOHA) | |
| Source of classification or shelving scheme | Dewey Decimal Classification |
| Tipo de artículo Koha | Books |
| 999 ## - | |
| -- | 30691 |
| -- | 17075 |
| Estado retirado |
|---|